[Event "NED-ch U11"]
[Site "Waalwijk"]
[Date "2012.04.07"]
[Round "8"]
[White "Wouters, Colin"]
[Black "Van Putten, Peter"]
[Result "1-0"]
[WhiteElo "1023"]
[BlackElo "1011"]
[PlyCount "85"]
[EventDate "2012.04.06"]
[EventType "swiss"]
[EventRounds "9"]
[EventCountry "NED"]
[SourceTitle "EXT 2013"]
[Source "ChessBase"]
[SourceDate "2012.11.22"]
[SourceVersion "1"]
[SourceVersionDate "2012.11.22"]
[SourceQuality "1"]

1. e4 e5 2. d4 exd4 3. c3 dxc3 4. Nxc3 Be7 5. Nf3 d6 6. Bc4 h6 7. 0-0 Nf6 8. Bf4 Nc6 9. h3 0-0 10. Re1 Re8 11. Qd2 Be6 12. Bd3 Qd7 13. Rad1 a6 14. e5 Nh5 15. Be2 Nxf4 16. Qxf4 Rad8 17. a3 Qc8 18. Ne4 d5 19. Ng3 Rd7 20. Nf5 Bxf5 21. Qxf5 Bf8 22. Bd3 g6 23. Qg4 Red8 24. Bf5 h5 25. Qg5 Be7 26. Qg3 Kh7 27. Bxd7 Rxd7 28. Ng5+ Kg8 29. Qf4 Bc5 30. b4 Bf8 31. e6 fxe6 32. Rxe6 Nd8 33. Rxg6+ Rg7 34. Rxg7+ Bxg7 35. Rxd5 c6 36. Rd6 Qc7 37. Qd2 Nf7 38. Rd7 Qe5 39. Rxf7 Qa1+ 40. Kh2 Be5+ 41. g3 Bg7 42. Qd8+ Bf8 43. Qxf8# 1-0

[Event "NED-ch U11"]
[Site "Waalwijk"]
[Date "2012.04.06"]
[Round "5"]
[White "Van Putten, Peter"]
[Black "De Boer, Eelke"]
[Result "0-1"]
[WhiteElo "1011"]
[BlackElo "1038"]
[PlyCount "104"]
[EventDate "2012.04.06"]
[EventType "swiss"]
[EventRounds "9"]
[EventCountry "NED"]
[SourceTitle "EXT 2013"]
[Source "ChessBase"]
[SourceDate "2012.11.22"]
[SourceVersion "1"]
[SourceVersionDate "2012.11.22"]
[SourceQuality "1"]

1. e4 e5 2. Nf3 Nc6 3. Bc4 Bc5 4. Nc3 Nf6 5. d3 h6 6. 0-0 d6 7. h3 0-0 8. Bd2 Be6 9. Bb5 Nd4 10. Be3 c6 11. Ba4 b5 12. Bb3 Re8 13. Bxe6 Rxe6 14. Nxd4 exd4 15. Bxh6 dxc3 16. Bc1 cxb2 17. Bxb2 d5 18. d4 Bb6 19. e5 Ne4 20. g3 Qg5 21. h4 Qg6 22. Kh2 f6 23. Qe2 fxe5 24. dxe5 Bxf2 25. g4 Bxh4 26. Rf3 Kh7 27. Rh3 Qh6 28. Qf3 Bg3+ 29. Kg2 Qxh3+ 30. Kxh3 Ng5+ 31. Kxg3 Nxf3 32. Kxf3 c5 33. Kf4 Rf8+ 34. Ke3 d4+ 35. Ke4 Rfe8 36. Rh1+ Kg8 37. Kd3 Rxe5 38. c3 Re3+ 39. Kc2 Re2+ 40. Kb3 c4+ 41. Kb4 Rxb2+ 42. Ka3 dxc3 43. Rc1 b4+ 44. Ka4 c2 45. a3 b3 46. Kb4 Rb1 47. Rxb1 cxb1Q 48. Kxc4 Rc8+ 49. Kb4 b2 50. Kb3 Qc2+ 51. Kb4 b1Q+ 52. Ka5 Qb6# 0-1